[Event "Steinfurt Bezirksklasse 0405"]
[Site "Germany"]
[Date "2005.05.28"]
[Round "11.5"]
[White "Hebbelmann, Michael"]
[Black "Weiss, Katharina"]
[Result "1-0"]
[WhiteElo "1378"]
[BlackElo "1461"]
[PlyCount "47"]
[EventDate "2004.09.18"]
[EventType "team-tourn"]
[EventRounds "11"]
[EventCountry "GER"]
[SourceTitle "EXT 2006"]
[Source "ChessBase"]
[SourceDate "2005.11.24"]
[SourceVersion "1"]
[SourceVersionDate "2005.11.24"]
[SourceQuality "1"]
[WhiteTeam "Westerkappeln II"]
[BlackTeam "Rheine SG"]
[WhiteTeamCountry "GER"]
[BlackTeamCountry "GER"]

1. e4 e5 2. Nf3 Nc6 3. Nc3 Bc5 4. Bc4 h6 5. 0-0 a6 6. d3 Nf6 7. h3 b5 8. Bb3 d6 9. Qe2 b4 10. Nd5 Na5 11. Nxf6+ Qxf6 12. Ba4+ c6 13. Be3 Ba7 14. a3 bxa3 15. Rxa3 0-0 16. Bxa7 Rxa7 17. Qd2 Qd8 18. b4 Nb7 19. Bxc6 Bd7 20. Qe3 Bxc6 21. Qxa7 Qa8 22. Rxa6 Qxa7 23. Rxa7 Nd8 24. Ra6 1-0